000 00795nas a2200265 4500
001 BR2011001243
003 BR-BrBNA
005 20231205114458.0
007 ta
008 230509b bl.|||p| |||| 00| 00por d
040 _aBR-BrBNA
_bpor
_cBiblioteca Nacional de Agricultura
041 _a(Pt)
072 _aH10
100 1 _aSilva, E.A.
100 1 _aReis, P.R.
100 1 _aZacarias, M.S.
100 1 _aMarafeli, P.P.
245 1 _aFitoseídeos (Acari: Phytoseiidae)associados a cafezais e fragmentos florestais vizinhos
650 _aCAFÉ
650 _aÁCARO
650 _aVEGETAÇÃO
773 0 _tCiência e Agrotecnologia (Brazil)
_xISSN 1413-7054
_g(Sep-Oct 2010), v. 34(5) p. 1146-1153
_wBR2011001243
909 _a202311
_bLúcia
_c55
_dLúcia Elande
942 _2AGRIS
_n0
_cANA
999 _c208958
_d208958